[Event "CRO-chT U16"]
[Site "Crikvenica"]
[Date "2021.12.19"]
[Round "4.4"]
[White "Culic, Jure"]
[Black "Ivancic, Ivan"]
[Result "1/2-1/2"]
[WhiteElo "1168"]
[BlackElo "1167"]
[PlyCount "78"]
[EventDate "2021.12.18"]
[EventType "team-tourn"]
[EventRounds "7"]
[EventCountry "CRO"]
[SourceTitle "CBM 206 Extra"]
[Source "ChessBase"]
[SourceDate "2022.03.31"]
[SourceVersion "1"]
[SourceVersionDate "2022.03.31"]
[SourceQuality "1"]
[WhiteTeam "Split Mornar"]
[BlackTeam "Crikvenica"]
[WhiteTeamCountry "CRO"]
[BlackTeamCountry "CRO"]

1. e4 c5 2. Nf3 Nc6 3. d4 cxd4 4. Nxd4 Nf6 5. Nc3 d6 6. Be3 e5 7. Nf3 Be7 8. Bd3 0-0 9. Qd2 d5 10. Bg5 d4 11. Nd5 Nxd5 12. exd5 Qxd5 13. c4 Bxg5 14. cxd5 Bxd2+ 15. Kxd2 Nb4 16. Nxe5 Nxd5 17. Nf3 Rd8 18. Rhe1 Bg4 19. Re4 Bxf3 20. gxf3 Nf6 21. Rf4 Kf8 22. Rc1 Rac8 23. Rxc8 Rxc8 24. Rxd4 Ke7 25. b4 Rd8 26. Kc3 Rxd4 27. Kxd4 Kd6 28. Bc4 Ke7 29. a4 Nd7 30. a5 f6 31. Bd5 b6 32. Be4 g6 33. Bc6 bxa5 34. bxa5 Kd6 35. Bxd7 Kxd7 36. Kd5 g5 37. a6 h6 38. h3 h5 39. Kc5 Kc7 1/2-1/2